11 de départ de coupe du monde : 2014 - Statistiques

Statistiques générales
  • Ce quiz a été pris 65 fois
  • Le résultat moyen est 85 sur 352
Statistiques - réponses
Hint Réponse % Correct
ML Neymar
89%
DF Marcelo
85%
DF Thiago Silva
85%
AT David Silva
83%
DF Dani Alves
81%
GB Hugo Lloris
81%
ML Luka Modric
81%
AT Antoine Griezmann
79%
GB Julio Cesar
79%
ML Ki Sung-yueng
79%
ML Paul Pogba
79%
DF Raphael Varane
79%
AT Karim Benzema
77%
DF Bruno Alves
75%
DF David Luiz
75%
DF Patrice Evra
75%
ML Blaise Matuidi
74%
ML Oscar
74%
ML Philipp Lahm
74%
AT Edinson Cavani
72%
AT Lionel Messi
72%
AT Luis Suarez
72%
GB Manuel Neuer
72%
AT Andres Iniesta
70%
AT Robin Van Persie
70%
ML Xavi
70%
ML Cristian Rodriguez
68%
DF Francisco Rodriguez
68%
GB Iker Casillas
68%
ML Ivan Rakitic
68%
ML James Rodriguez
68%
ML Maxi Rodriguez
68%
DF Ricardo Rodriguez
68%
AT Son Heung-min
68%
AT Alexis Sanchez
66%
AT Arjen Robben
66%
ML Arturo Vidal
66%
ML Carlos Sanchez
66%
DF Gerard Piqué
66%
DF Jerome Boateng
66%
AT Cristiano Ronaldo
64%
ML Ivan Perisic
64%
GB Keylor Navas
64%
AT Romelu Lukaku
64%
ML Sergio Busquets
64%
DF Sergio Ramos
64%
DF Giorgio Chiellini
62%
GB Guillermo Ochoa
62%
AT Mathieu Valbuena
62%
AT Samuel Eto'o
62%
AT Thomas Muller
62%
ML Eden Hazard
60%
DF Jordi Alba
60%
ML Kevin De Bruyne
60%
DF Mats Hummels
60%
GB Thibaut Courtois
60%
ML Andrea Pirlo
58%
DF Gary Cahill
58%
GB Joe Hart
58%
AT Tim Cahill
58%
ML Xherdan Shaqiri
57%
AT Edin Dzeko
55%
ML Hulk
55%
AT Nani
55%
ML Steven Gerrard
55%
ML Wayne Rooney
55%
ML Yaya Touré
55%
ML Yohan Cabaye
55%
AT Diego Costa
53%
DF Diego Godin
53%
DF Jan Vertonghen
53%
DF Mathieu Debuchy
53%
AT Mesut Ozil
53%
ML Sami Khedira
53%
AT Sergio Aguero
53%
GB Fernando Muslera
51%
AT Fred
51%
GB Jasper Cillessen
51%
DF Pepe
51%
AT Mario Balotelli
49%
GB Sergio Romero
49%
ML Toni Kroos
49%
DF Andrea Barzagli
47%
ML Granit Xhaka
47%
DF Mamadou Sakho
47%
AT Mario Gotze
47%
ML Wesley Sneijder
47%
ML Xabi Alonso
47%
ML Miralem Pjanic
45%
ML Nigel de Jong
45%
GB Rui Patricio
45%
ML André Ayew
43%
ML Angel di Maria
43%
ML Javier Mascherano
43%
AT Jordan Ayew
43%
ML Claudio Marchisio
42%
ML Keisuke Honda
42%
DF Toby Alderweireld
42%
DF Vincent Kompany
42%
ML Antonio Valencia
40%
GB Claudio Bravo
40%
AT Enner Valencia
40%
AT Riyad Mahrez
40%
DF Daley Blind
36%
GB David Ospina
36%
ML Joao Moutinho
36%
DF Kim Young-gwon
36%
ML Axel Witsel
34%
AT Daniel Sturridge
34%
DF Stefan de Vrij
34%
GB Tim Howard
34%
DF Benedikt Howedes
32%
AT Gervinho
32%
ML Luis Gustavo
32%
ML Marco Verratti
32%
ML Raheem Sterling
32%
GB Salvatore Sirigu
32%
AT Sofiane Feghouli
32%
DF Dejan Lovren
30%
DF Pablo Zabaleta
30%
DF Sokratis Pastathopoulos
30%
AT Clint Dempsey
28%
ML Daniele de Rossi
28%
ML Jordan Henderson
28%
ML Juan Cuadrado
28%
ML Lee Chung-yong
28%
DF Lee Yong
28%
ML Paulinho
28%
AT Asamoah Gyan
26%
DF Fabio Coentrao
26%
DF Gary Medel
26%
GB Matthew Ryan
26%
ML Shinji Kagawa
26%
GB Vincent Enyeama
26%
GB Igor Akinfeev
25%
DF Marcos Rojo
25%
AT Ahmed Musa
23%
ML Andres Guardado
23%
AT Eduardo Vargas
23%
AT Park Chu-young
23%
DF Darijo Srna
21%
ML Matteo Kovacic
21%
ML Moussa Dembele
21%
DF Sime Vrsaljko
21%
ML Alexandre Song
19%
AT Bryan Ruiz
19%
DF Cristian Zapata
19%
GB Diego Benaglio
19%
DF Federico Fernandez
19%
ML Ivica Olic
19%
DF Joao Pereira
19%
AT Joel Campbell
19%
DF Kwadwo Asamoah
19%
DF Maxi Pereira
19%
DF Nicolas Nkoulou
19%
DF Per Mertesacker
19%
GB Rais M'Bolhi
19%
DF Serge Aurier
19%
DF Daniel Van Buyten
17%
GB Eiji Kawashima
17%
DF Hong Jeong-ho
17%
ML John Obi Mikel
17%
DF Mario Yepes
17%
DF Martin Caceres
17%
AT Salomon Kalou
17%
DF Sead Kolasinac
17%
DF Stefan Lichtsteiner
17%
GB Asmir Begovic
15%
ML Danny Welbeck
15%
AT Eric-Maxim Choupo-Moting
15%
DF Ezequiel Garay
15%
ML Hector Herrera
15%
DF Kostas Manolas
15%
ML Mile Jedinak
15%
ML Nacer Chadli
15%
DF Rafael Marquez
15%
AT Wilfried Bony
15%
DF Yuto Nagatomo
15%
DF Cesar Azpilicueta
13%
DF Fabian Johnson
13%
DF Glen Johnson
13%
ML Han Kook-young
13%
ML Raul Meireles
13%
DF Benoit Assou-Ekotto
11%
DF Bruno Martins Indi
11%
ML Charles Aranguiz
11%
ML Gonkhan Inler
11%
DF Mauricio Isla
11%
ML Serey Dié
11%
ML Sulley Muntari
11%
ML Valon Behrami
11%
AT Victor Moses
11%
AT Antonio Candreva
9%
GB Copa Barry
9%
DF Faouzi Ghoulam
9%
ML Jermaine Jones
9%
ML Victor Ibarbo
9%
AT Yeóryos Samarás
9%
AT Alexandr Kokorin
8%
DF Giancarlo Gonzalez
8%
DF Johan Djourou
8%
DF Matteo Darmian
8%
DF Miguel Layun
8%
ML Panayótis Koné
8%
ML Shinji Okazaki
8%
DF Vedran Corluka
8%
DF Yun Suk-young
8%
AT Benjamin Moukandjo
6%
DF Emir Spahic
6%
AT Felipe Caicedo
6%
DF John Mensah
6%
ML José Juan Vazquez
6%
DF Leighton Baines
6%
ML Matthew Leckie
6%
ML Nabil Bentaleb
6%
GB Orestis Karnezis
6%
DF Phil Jagielka
6%
GB Stipe Pletikosa
6%
AT Teofilo Gutierrez
6%
ML Wilson Palacios
6%
ML Abel Aguilar
4%
DF Aurelien Chedjou
4%
DF Daryl Janmaat
4%
DF Didier Zokora
4%
DF Diego Lugano
4%
ML Egidio Arevalo
4%
AT Emmanuel Emenike
4%
AT Giovanni dos Santos
4%
AT Hilal Soudani
4%
AT Hugo Almeida
4%
DF John Boye
4%
ML Jonathan de Guzman
4%
AT Jorge Valdivia
4%
AT Josy Altidore
4%
DF Juan Paredes
4%
DF Junior DIaz
4%
ML Kóstas Katsouránis
4%
DF Madjid Bougherra
4%
ML Makoto Hasebe
4%
ML Marcelo Diaz
4%
DF Maya Yoshida
4%
ML Michael Bradley
4%
DF Oscar Duarte
4%
DF Paul Aguilar
4%
DF Rafik Halliche
4%
DF Ron Vlaar
4%
ML Saphir Taider
4%
ML Stephane Mbia
4%
AT Theofánis Gekas
4%
ML Yuri Zhirkov
4%
ML Carl Medjani
2%
AT Christian Atsu
2%
AT Christian Bolaños
2%
ML Christian Noboa
2%
ML Cristhian Stuani
2%
DF Cristian Gamboa
2%
DF DaMarcus Beasley
2%
ML Dimítris Salpingídis
2%
DF Eugenio Mena
2%
ML Eyong Enoh
2%
DF Gabriel Paletta
2%
DF Gonzalo Jara
2%
DF Hector Moreno
2%
AT Josip Drmic
2%
DF Juan Zuniga
2%
ML Mark Milligan
2%
DF Mehdi Mostefa
2%
ML Miguel Veloso
2%
AT Nikica Jelavic
2%
AT Oleg Shatov
2%
AT Oribe Peralta
2%
DF Pablo Armero
2%
ML Senad Lulic
2%
DF Steve von Bergen
2%
ML Walter Gargano
2%
GB Adam Kwarasey
0%
ML Alejandro Bedoya
0%
GB Alexander Dominguez
0%
AT Alexander Samedov
0%
DF Alex Wilkinson
0%
GB Alireza Haghighi
0%
DF Amir Hossein Sadeqi
0%
ML Andranik Teymourian
0%
DF Andreï Iechtchenko
0%
ML Andy Najar
0%
DF Arthur Boka
0%
AT Ashkan Dejagah
0%
DF Atsuto Ushida
0%
DF Brayan Beckeles
0%
AT Carlo Costly
0%
ML Carlos Gruezo
0%
DF Cedric Djeugoué
0%
ML Celso Borges
0%
GB Charles Itandje
0%
ML Cheick Tioté
0%
DF Daniel Opare
0%
ML Denis Glushakov
0%
DF Dmitri Kombarov
0%
DF Efe Ambrose
0%
AT Ehsan Hajsafi
0%
DF Emilio Izaguirre
0%
DF Ermin Bicakcic
0%
DF Frickson Erazo
0%
DF Geoff Cameron
0%
DF Godfrey Oboabona
0%
ML Hotaru Yamaguchi
0%
DF Hugo Campagnaro
0%
ML Ioánnis Maniátis
0%
DF Ivan Franjic
0%
ML Izet Hajrović
0%
DF Jalal Hosseini
0%
DF Jason Davidson
0%
ML Javad Nekounam
0%
ML Jefferson Montero
0%
AT Jerry Bengtson
0%
DF Jorge Guagua
0%
DF José Holebas
0%
GB Jung Sung-ryong
0%
DF Juwon Oshaniwa
0%
DF Kenneth Omeruo
0%
ML Khosro Heydari
0%
ML Koo Ja-cheol
0%
ML Kyle Beckerman
0%
ML Luis Garrido
0%
ML Mark Bresciano
0%
DF Masato Morishige
0%
DF Matt Bessler
0%
DF Matthew Spiranovic
0%
DF Maynor Figueroa
0%
DF Mehrdad Pooladi
0%
DF Mensur Mujdža
0%
DF Michael Umana
0%
ML Mohammed Rabiu
0%
ML Muhamed Bešić
0%
GB Noel Valladares
0%
ML Ogenyi Onazi
0%
DF Pejman Montazeri
0%
ML Ramon Azeez
0%
AT Reza Ghoochannejhad
0%
ML Roger Espinoza
0%
DF Sergueï Ignachevich
0%
DF Sol Bamba
0%
ML Tommy Oar
0%
ML Valentin Stocker
0%
DF Vasilis Torosidis
0%
DF Vassili Bérézutski
0%
DF Víctor Bernárdez
0%
ML Viktor Fayzulin
0%
DF Walter Ayovi
0%
ML Yelstin Tejeda
0%
AT Yuya Osako
0%
ML Zvjezdan Misimović
0%
Aucun quiz correspondant
Distribution des résultats
% des personnes avec chaque résultat
Percentile par nombre de réponses
Votre historique - résultats
Vous n’avez pas pris ce quiz